History Quiz

Random History Quiz

Name the Modern Architects Quiz Stats

 Plays Quiz not verified by Sporcle

Score 0/20 Timer 04:00
0 Plays Today
# Architect % Correct
1.Frank Gehry
79.3%
5.Le Corbusier
71.7%
16.Antoni Gaudi
71.6%
8.Ludwig Mies van der Rohe
66.4%
6.Frank Lloyd Wright
63.5%
2.Louis Kahn
60.1%
11.I.M. Pei
58.4%
14.Renzo Piano and Richard Rogers
56.9%
19.Zaha Hadid
53.7%
12.Tadao Ando
49.7%
# Architect % Correct
18.Norman Foster
38.8%
9.Walter Gropius
36.1%
13.Peter Zumthor
35.6%
7.Jean Nouvel
29.4%
10.Alvar Aalto
28.6%
17.Richard Meier
25.5%
4.Carlo Scarpa
20.8%
15.Bernard Tschumi
20.6%
20.Jacques Herzog and Pierre deMeuron
18.8%
3.Mario Botta
12.5%

You're not logged in!

Compare scores with friends on all Sporcle quizzes.
OR
Log In

Show Comments

Extras

Created Nov 17, 2010ReportNominate
Tags:architect, modern

Top Quizzes Today


Score Distribution

Your Account Isn't Verified!

In order to create a playlist on Sporcle, you need to verify the email address you used during registration. Go to your Sporcle Settings to finish the process.

Report this User

Report this user for behavior that violates our Community Guidelines.

Details: